000
00339nam a2200145Ia 4500
008
210210b1972 xxu||||| |||| 00| 0 eng d
082
_a
574.5 KREE
100
_a
KREBS (Charles J).
245
_a
Ecology.
260
_a
NY
_b
Harper & Row
_c
1972
300
_a
x,694
650
_a
Ecology distribution
690
_a
Ecology
906
_a
032369
999
_c
83323
_d
83323